| 000 | 00868nam a2200217Ia 4500 | ||
|---|---|---|---|
| 999 |
_c40356 _d40356 |
||
| 001 | 6964 | ||
| 003 | GE_BSU | ||
| 005 | 20190627190829.0 | ||
| 008 | 181216s1984|||| |||||||||||||| ||geo|| | ||
| 041 | _ageo | ||
| 080 | _a621.4(042.4) ჩ-67 | ||
| 100 |
_aჩიტაშვილი, გ. _93009 |
||
| 245 |
_aთბური ძრავები. ნაწ.2 : ლექციების კონსპექტი / _cგ. ჩიტაშვილი ; რედ : ე .გიორგაძე. |
||
| 264 |
_aთბილისი : _bსპი, _c1984. |
||
| 300 |
_a79 გვ .: _bილ.46; ცხრ.1. _c20 სმ. |
||
| 504 | _aბიბლიოგრ.:გვ.77 | ||
| 653 | _aთბური ძრავები | ||
| 653 | _aტექნიკა | ||
| 700 |
_aგიორგაძე, ე _eრედაქტორი _9398 |
||
| 942 |
_cBK _2udc |
||